000 00230nam a22000977a 4500
999 _c262681
_d262680
020 _a9781782858539
100 _aJessica Law
245 _aA hole in the bottom of the sea.
260 _aNew York
_bBarefoot Books
_c2022
942 _cBK